| 000 | 00622cam a2200217 i 4500 | ||
|---|---|---|---|
| 001 | 2282910 | ||
| 005 | 20180809093743.0 | ||
| 008 | 800822s1980 nyua b 001 0 eng | ||
| 010 | _a 79065371 | ||
| 020 | _a0879931264 | ||
| 040 |
_aDLC _cDLC _dDLC |
||
| 041 | _aeng | ||
| 080 | _a616.120 PRA | ||
| 082 | 0 | 0 |
_a616.120 PRA _219 |
| 100 | _a7 | ||
| 101 | _aKAR | ||
| 245 | 0 | 0 |
_aEtiology and morphogenesis of congenital heart disease / _cedited by Richard Van Praagh, Atsuyoshi Takao. |
| 504 | _aIncludes bibliographies and index. | ||
| 906 |
_a7 _bcbc _corignew _du _eopcn _f19 _gy-gencatlg |
||
| 942 |
_2ddc _cBK |
||
| 999 |
_c46986 _d46986 |
||